000 00446nam a2200169Ia 4500
008 220803s9999 xx 000 0 und d
020 _a978-81-8415-353-8
041 _aeng
082 _a891.46 BRU/THA
100 _aBrunton P
_924433
245 _aRahasyamay Bharatacha Shodh
260 _aPune
_bWow Publication
_c2013
300 _a368p
500 _aArchitecture
650 _aMarathi Literature
_924434
700 _aThakkar P Trans.
_924435
999 _c15422
_d15422